| 000 | 00507nam a2200169Ia 4500 | ||
|---|---|---|---|
| 008 | 230917s9999||||xx |||||||||||||| ||und|| | ||
| 020 | _cGBP 26.99 (RS 2775.38) | ||
| 040 |
_e5009569 _aMAIN |
||
| 041 | _aEnglish | ||
| 082 | _a320.014 D36M | ||
| 100 | _aDavis, Aeron | ||
| 245 | 0 | _aMedia, democracy and social change: Re-imagining political communications | |
| 260 |
_aLondon _bSage Publications _c2020 |
||
| 300 | _axiv, 192 p. | ||
| 500 | _a4142 21/10/2021 RK21/1110 28/10/2021 Main Budget | ||
| 942 | _cBK | ||
| 999 |
_c3033 _d3033 |
||